000 01341namaa2200325 i 4500
003 EG-GICUC
005 20251113120614.0
008 251111s2001 ua |||jr|||| 000 0 ara d
017 _a2001 / 1562
_bدار الكتب والوثائق القومية (مصر)
020 _a9773199315
040 _aEG-GiCUC
_bara
_cEG-GiCUC
_dEG-GiCUC
_erda
082 0 4 _221
_a816.009
_bD534
092 0 4 _221
_a816.009
_bD534
099 _a816.009 D534
100 1 _aأبو ذياب، خليل إبراهيم
_eمؤلف.
245 1 _aعلوم اللغة فى رسالة الصاهل والشاحج لأبى علاء المعرى /
_cالدكتور خليل إبراهيم أبو ذياب.
264 _a[القاهرة(مصر)] :
_bالشركة العربية للنشر والتوزيع،
_c[2001].
300 _a388 صفحة ؛
_c24 سم
336 _2rdacontent
_atext
337 _2rdamedia
_aUnmediated
338 _2rdacarrier
_avolume
490 _aمكتبة الدراسات العلائية ؛
_v3
504 _aيشتمل عى ارجاعات ببليوجرافية.
541 _aد. جابر عصفور ؛
_bالقاهرة ؛
_cإهداء ؛
_d2024.
650 1 7 _aالرسائل العربية
_xتاريخ ونقد
_2qrmak
650 1 7 _aاللغة العربية
_2qrmak
651 1 _2qrmak
905 _aAya
942 _2ddc
_cBK
_e21
_n0
999 _c175765
_d175765